000 00828nam a22002177a 4500
999 _c4076
_d4076
003 AR-CdUCM
008 190307b ||||| |||| 00| 0 spa d
040 _aMUNICIPALIDAD PROVINCIAL DEL CUSCO
_cBIBLIOTECA MUNICIPAL DEL CUSCO
082 _a985.632 /
_bV21
100 _aValenzuela Barrantes, Ramiro
_912952
245 _aLos enigmas de Apurímac /
260 _aCusco :
_bPantigozo,
_c2006
300 _a161 páginas ;
_c20 cm.
500 _aDescripción e historia del Dpto. de Apurímac y sus pueblos, en especial del distrito de Curahuasi en la provincia de Abancay, conocido como la capital mundial del anís; hace referencia al folklore, mitología y leyendas.
650 _aApurimac
_91025
650 _aHistoria
_9246
650 _aCusco
_9772
650 _aCurahuasi
_912953
942 _2ddc
_cLIBROS
945 _admma